Wordt geladen...

ചങ്ങമ്പുഴ പാർക്ക് /

Bibliografische gegevens
Hoofdauteur: സേതു, 1942-
Formaat: Printed Book
Taal:English
Malayalam
Gepubliceerd in: കോഴിക്കോട് : മാതൃഭൂമി ബുക്‌സ്, 2017.
Editie:2nd ed.
Onderwerpen:
LEADER 00701nam a22001937a 4500
008 211127b2017 II ||||| |||| 00| j eng d
020 |a 9 788182 671249 
041 |a mal 
082 |2 855 
100 0 |9 1579980  |a സേതു,   |d 1942- 
245 |a ചങ്ങമ്പുഴ പാർക്ക് /  |c സേതു 
246 |5 Changampuzha Park 
250 |a 2nd ed. 
260 |a കോഴിക്കോട് :   |b മാതൃഭൂമി ബുക്‌സ്,   |c 2017. 
300 |a 168pages. 
650 7 |2 fast  |9 1178016  |a Short stories, Malayalam 
942 |c BK 
999 |c 363794  |d 363794 
952 |0 0  |1 0  |2 ddc  |4 0  |7 0  |9 423794  |a MAL  |b MAL  |c ST1  |d 2021-11-27  |g 160.00  |i 40756  |l 0  |p MAL40756  |r 2021-11-27  |w 2021-11-27  |y BK